000 00353nam a2200145 i 4500
001 bg
100 1 _aBLATT, Frank J.
245 0 _aFizika elektronnoj provodimosti v tverdych telach /
_cF. Blatt.
260 _aMoskva,
_c1971.
040 _cBPK
041 _apol
080 _a537.5:621.38
942 _cKS
008 s pl f |000 0 pol
999 _c25537
_d25537
856 _uhttp://koha.tu.koszalin.pl/cgi-bin/koha/opac-detail.pl?biblionumber=25537
_yKatalog online BPK